عرض عادي
عرض مارك
- Intranets (Computer networks)
مدخل مصطلح موضوعي
001 - رقم الضبط
- حقل الضبط: 12268
003 - معرف رقم الضبط
- حقل الضبط: OSt
005 - تاريخ ووقت أخر عملية
- حقل الضبط: 20120430014537.0
008 - عناصر بيانات ثابتة الطول
- حقل تحكم ثابت الطول: 120430|||a|||||| | ||| d
040 ## - مصدر الفهرسة
- هيئة الفهرسة الأصلية: OSt
- وكالة الكتابة: OSt
150 ## - مدخل-- مصطلح تاريخي
- عنصر مدخل المصطلح الموضوعي او الاسم الجغرافي: Intranets (Computer networks)
- تفريع عام: Computer programs.
670 ## - بيانات المصدر موجوده
- الاستشهاد بالمصدر: Work cat.: (OSt)0: Gaskin, Shelley. 10645, Go! with Microsoft SharePoint 2010 getting started /, c2012.
